000 01339cam a22003014a 4500
999 _c24991
_d24991
001 12383571
003 OSt
005 20170130143714.0
008 010418s2001 nyua bc 000 0 eng
010 _a 2001090089
020 _a0870700391 (MOMA/T&H : alk. paper)
020 _a0810962225 (Abrams : alk. paper)
040 _aDLC
_cDLC
_dDLC
042 _apcc
050 0 0 _aNA680
_b.K52 2001
082 0 0 _a720/.028
_221
100 1 _aKipnis, Jeffrey.
245 1 0 _aPerfect acts of architecture /
_cby Jeffrey Kipnis ; preface by Terence Riley.
260 _aNew York :
_bMuseum of Modern Art ;
_aColumbus, Ohio : Wexner Center for the Arts,
_cc2001.
300 _a180 p. :
_bchiefly ill. (some col.) ;
_c27 cm.
500 _aWexner Center for the Arts, the Ohio State University, Columbus, Ohio, January 26-April 20, 2001 and others.
650 0 _aArchitecture, Modern
_y20th century
_vExhibitions.
650 0 _aArchitectural drawing
_vExhibitions.
710 2 _aWexner Center for the Arts.
710 2 _aMuseum of Modern Art (New York, N.Y.)
906 _a7
_bcbc
_corignew
_d2
_eepcn
_f20
_gy-gencatlg
942 _2lcc
_cBOOKS
_hNA 680 .K52 2001